000 00521nam a2200205Ia 4500
003 GCL
008 140319s9999 xx 000 0 eng d
040 _aGCL /
_cGCL
082 0 4 _a852
_bB C
100 1 _aGOW, R.
245 1 0 _aGALLOWS GLORIOUS, LADY PRECIOUS STREAM, RICHARD OF BORDEAUX /
_cGOW, R.
700 1 _aHSIUNG, SI.
700 1 _aDAVIOT, G.
260 _a[S.N] :
_bPENGUIN BOOKS ،
_c1934
300 _a299 P
650 0 4 _aENGLISH LITERATURE
650 0 4 _aFICTION
650 0 4 _aDRAMA
942 _2ddc
_cBK
999 _c19737
_d19737